The Christian answer to communism. (Record no. 14861)

000 -LEADER
fixed length control field 00587nam a2200181 a 4500
001 - CONTROL NUMBER
control field :::00012696$&:&@@
003 - CONTROL NUMBER IDENTIFIER
control field OkBaRHE
005 - DATE AND TIME OF LATEST TRANSACTION
control field 20000607103421.0
008 - FIXED-LENGTH DATA ELEMENTS--GENERAL INFORMATION
fixed length control field s1961 j 000 0 eng u
040 ## - CATALOGING SOURCE
Transcribing agency
100 1# - MAIN ENTRY--PERSONAL NAME
Personal name Key, Thomas O.
245 14 - TITLE STATEMENT
Title The Christian answer to communism.
260 ## - PUBLICATION, DISTRIBUTION, ETC. (IMPRINT)
Place of publication, distribution, etc Grand Rapids, MI., :
Name of publisher, distributor, etc Zondervan Publishing Co.
Date of publication, distribution, etc c1961
300 ## - PHYSICAL DESCRIPTION
Extent 128 p. ;
Dimensions 20 cm.
650 ## - SUBJECT ADDED ENTRY--TOPICAL TERM
Topical term or geographic name as entry element Communism and Religion
942 ## - ADDED ENTRY ELEMENTS (KOHA)
Source of classification or shelving scheme
Koha item type Books
Copies
Price effective from Barcode Withdrawn status Date acquired Copy number Damaged status Lost status Date last seen Source of classification or shelving scheme Permanent Location Full call number Koha item type Shelving location Not for loan Current Location
2010-04-1412696 2010-04-141  2010-04-14 RHEMA Bible Training CollegeHX 86 K186BooksGeneral Stacks RHEMA Bible Training College